| 000 | 01345nam a2200373 a 4500 | ||
|---|---|---|---|
| 001 | 000111365 | ||
| 003 | CHAP | ||
| 005 | 20220329144208.0 | ||
| 008 | 150330s2015 mx |sm |||||||spa d | ||
| 010 | _a107827 | ||
| 011 | _a108799 | ||
| 040 | _cCHAP | ||
| 090 | _aTesis | ||
| 100 | 1 |
_aAguirre López, Juan Manuel _9129221 |
|
| 245 | 1 | 0 |
_aInnovación estratégica para la producción y comercialización de maíz en Chiapas _h[En línea] _cpor Juan Manuel Aguirre López. |
| 260 |
_aChapingo, Méx. : _bEl autor, _c2015. |
||
| 500 | _aPara ver el contenido del material haga clic en la liga | ||
| 502 | _aTesis (Maestro en Estrategia Agroenpresarial) -- UACH. CIESTAAM | ||
| 590 |
_aBATCH _b00 _c20181121 _lUCH01 _h0758 |
||
| 590 |
_aE5652GLJ _b05 _c20150330 _lUCH01 _h1433 |
||
| 590 |
_aE5652GLJ _b05 _c20150330 _lUCH01 _h1433 |
||
| 590 |
_aE5652GLJ _b05 _c20150331 _lUCH01 _h1403 |
||
| 590 |
_aE5652GLJ _b05 _c20150414 _lUCH01 _h0956 |
||
| 590 |
_aE5652GLJ _b05 _c20150414 _lUCH01 _h0957 |
||
| 650 | 1 | 4 |
_aInnovaciones tecnológicas. _958829 |
| 650 | 1 | 4 |
_aInversiones _zChiapas. _960190 |
| 650 | 1 | 4 |
_aMaíz _xComercialización. _970907 |
| 650 | 1 | 4 |
_aMaíz _xProducción _zMéxico. _9128410 |
| 856 |
_a1 _n0000133 |
||
| 856 |
_aFinding aid _uhttp://10.13.5.2/tesis/sist111365.pdf _zTeclea aquí |
||
| 901 | _aBK | ||
| 942 | _cTESIS | ||
| 942 | _n0 | ||
| 999 |
_c107827 _d107827 |
||